Pays alcooliques - Statistiques

Statistiques générales
  • Ce quiz a été pris 794 fois
  • Le résultat moyen est 6 sur 10
Statistiques - réponses
Réponse % Correct
2 France
99%
1 Russie
91%
3 Allemagne
87%
4 Espagne
81%
7 Belgique
75%
9 Pologne
71%
10 Bresil
40%
6 Maroc
15%
5 Moldavie
14%
8 Algerie
13%
Aucun quiz correspondant
Distribution des résultats
% des personnes avec chaque résultat
Percentile par nombre de réponses
Votre historique - résultats
Vous n’avez pas pris ce quiz